| 000 | 00680nam a2200265Ia 4500 | ||
|---|---|---|---|
| 003 | OSt | ||
| 005 | 20220924132024.0 | ||
| 006 | a|||||r|||| 00| 0 | ||
| 007 | ta | ||
| 008 | 220923b |||||||| |||| 00| 0 tel d | ||
| 020 | _aRs | ||
| 020 | _cRs.2 | ||
| 024 | _a340874 | ||
| 037 | _cTextual | ||
| 040 |
_aARTS _cARTS _btel |
||
| 041 |
_2tel _atel |
||
| 082 | _aV2:5:N7, 35J6 | ||
| 100 |
_aSadasiva Rao Au. _9203561 |
||
| 245 | 0 | _aCharitra Samskruti | |
| 260 |
_aWarangal _bKakatiya Prachuranalu India _c1956 |
||
| 300 |
_a165p. _ccm. |
||
| 650 | _aHISTORY | ||
| 942 |
_hV2:5:N7, 35J6 _cTEXL _2CC |
||
| 999 |
_c429023 _d429023 |
||